000 01173cgm a2200289 4500
001 J461
008 090401t1992 xxu||||| |||| 00| 0 eng d
035 _a(Sirsi) u75113
041 _aeng
050 _a711.026
100 _aBowhill, Anthony
245 _aPlanning and Compensation Act 1991 (sound recording).
260 _aLondon
_bRoyal Institution of Chartered Surveyors
_c1992
300 _a1 sound cassette (60 min.)
350 _a8.7
490 _aOwlion Audio Programme
520 _aNO LONGER AVAILABLE TO PURCHASE. SEE CPD STUDY PACK (0947763694). Describes the changes introduced by this Act and their effect upon the theory and practice of town planning. Discusses - the enhanced status of the development plan; planning gain; changes in enforcement procedures; changes to planning procedures; CLEUD`S and CLOPUD`S`; compensation.
650 _aAUDIO CASSETTES
690 _aPLANNING LAW AND PRACTICE
700 _aGreenwood, B.
700 _aCarpenter, Derek
700 _aGreenwood, Richard
710 _aRoyal Institution of Chartered Surveyors
_94900
710 _aCollege of Estate Management
_9400
942 _n0
948 _c04/03/1997
999 _c85337
_d85337